Emergencia del Arte conceptual en Colombia (1968-1982) / (Record no. 9845)

MARC details
000 -LEADER
campo de control de longitud fija 00404nam a2200133Ia 4500
005 - FECHA Y HORA DE LA ÚLTIMA TRANSACCIÓN
campo de control 20260328101527.0
008 - DATOS DE LONGITUD FIJA--INFORMACIÓN GENERAL
campo de control de longitud fija 260328s9999||||xx |||||||||||||| ||und||
100 ## - ENTRADA PRINCIPAL--NOMBRE DE PERSONA
Nombre de persona Herrera Buitrago, María Mercedes
245 #0 - MENCIÓN DEL TÍTULO
Título Emergencia del Arte conceptual en Colombia (1968-1982) /
Mención de responsabilidad, etc. María Mercedes Herrera Buitrago
260 ## - PUBLICACIÓN, DISTRIBUCIÓN, ETC.
Nombre del editor, distribuidor, etc. Pontificia Universidad Javeriana
300 ## - DESCRIPCIÓN FÍSICA
Extensión 201 p.
650 ## - PUNTO DE ACCESO ADICIONAL DE MATERIA--TÉRMINO DE MATERIA
Término de materia o nombre geográfico como elemento de entrada ARTE
942 ## - ELEMENTOS DE ENTRADA SECUNDARIOS (KOHA)
Tipo de ítem Koha Libros
Holdings
Estatus retirado Estado de pérdida Estado de daño No para préstamo Colección Biblioteca de origen Biblioteca actual Ubicación en estantería Fecha de adquisición Número de inventario Total de préstamos Signatura topográfica completa Código de barras Visto por última vez Copia número Precio de reemplazo Tipo de ítem Koha
        General Biblioteca Gonzalo Peláez Caldas Biblioteca Gonzalo Peláez Caldas Colección general 28/03/2026 3690   700.75 H 5651 3690 28/03/2026 1 28/03/2026 Libros